000 00371pab a2200145 454500
008 180718b1997 xxu||||| |||| 00| 0 eng d
100 _aShanmugam, K.R.
245 _aThe value of life: estimates from Indian labour market
260 _c1997
300 _ap.105-14
362 _aApr-Jun
650 _aLabour market
773 _aIndian Economic Review
909 _a35306
999 _c35306
_d35306